Kēraḷaṃ ar̲unnūr̲ukollaṃ munpȧ. (Record no. 78346)

MARC details
000 -LEADER
fixed length control field 00891cam a22002651 4500
001 - CONTROL NUMBER
control field sa 68001958
003 - CONTROL NUMBER IDENTIFIER
control field DLC
005 - DATE AND TIME OF LATEST TRANSACTION
control field 20260227112438.0
008 - FIXED-LENGTH DATA ELEMENTS--GENERAL INFORMATION
fixed length control field 891122s1966 ii b b 000 0 malo
010 ## - LIBRARY OF CONGRESS CONTROL NUMBER
LC control number sa 68001958
035 ## - SYSTEM CONTROL NUMBER
System control number (OCoLC)20688023
040 ## - CATALOGING SOURCE
Original cataloging agency DLC
Transcribing agency WaU
Modifying agency DLC
043 ## - GEOGRAPHIC AREA CODE
Geographic area code a-ii---
050 00 - LIBRARY OF CONGRESS CALL NUMBER
Classification number DS485.K4
Item number I2 1966
100 0# - MAIN ENTRY--PERSONAL NAME
Personal name Ibn Batuta,
Dates associated with a name 1304-1377.
240 10 - UNIFORM TITLE
Uniform title Tuḥfat al-nuẓẓār fī gharāʼib al-amṣār wa-ʻajāʼib al-asfār.
Form subheading Selections.
Language of a work Malayalam
245 10 - TITLE STATEMENT
Title Kēraḷaṃ ar̲unnūr̲ukollaṃ munpȧ.
260 ## - PUBLICATION, DISTRIBUTION, ETC.
Place of publication, distribution, etc. [Trichur?
Name of publisher, distributor, etc. V. Panikkassery,
Date of publication, distribution, etc. 1966]
300 ## - PHYSICAL DESCRIPTION
Extent 187 p.
Other physical details map.
Dimensions 18 cm.
500 ## - GENERAL NOTE
General note In Malayalam.
500 ## - GENERAL NOTE
General note Translation of a portion of the author's Tuḥfat al-nuẓẓār.
504 ## - BIBLIOGRAPHY, ETC. NOTE
Bibliography, etc. note Bibliography: p. [179]-180.
651 #0 - SUBJECT ADDED ENTRY--GEOGRAPHIC NAME
Geographic name Kerala (India)
General subdivision Description and travel.
700 1# - ADDED ENTRY--PERSONAL NAME
Personal name Panikkassery, Velayudhan,
Dates associated with a name 1938-

No items available.

Powered by Koha